[Event "EU-Cup 19th"]
[Site "Rethymno"]
[Date "2003.10.01"]
[Round "4.1"]
[White "Sakaev, Konstantin"]
[Black "Kasparov, Garry"]
[Result "0-1"]
[WhiteElo "2655"]
[BlackElo "2830"]
[Annotator "Huebner,R"]
[PlyCount "81"]
[EventDate "2003.09.28"]
[EventType "team-swiss"]
[EventRounds "7"]
[EventCountry "GRE"]
[SourceTitle "CBM 098"]
[Source "ChessBase"]
[SourceDate "2004.02.03"]
[SourceVersion "1"]
[SourceVersionDate "2004.02.03"]
[SourceQuality "1"]
[WhiteTeam "St Petersburg"]
[BlackTeam "Kazan Ladya"]
[WhiteTeamCountry "RUS"]
[BlackTeamCountry "RUS"]

1. d4 d5 2. Nf3 Nf6 3. c4 c6 4. Nc3 dxc4 5. a4 Bf5 6. e3 e6 7. Bxc4 Bb4 8. O-O
Nbd7 9. Nh4 Bg6 10. h3 Bh5 (10... O-O {Kramnik} 11. Nxg6 hxg6 {Kasparov,
G-Anand,V/Linares/1993/} 12. Na2 (12. Qc2 Rc8 13. Rd1 Qb6 14. e4 c5 15. d5 Ne5
16. Be2 exd5 17. Nxd5 Nxd5 18. Rxd5 Nc6 19. Bc4 Nd4 20. Qd3 Rcd8 21. Be3 Rxd5
22. Bxd5 Rd8 23. Qc4 Rd7 24. Rc1 $16 {Kasparov,G-Anand,V/Linares (09)/1993/}) (
12. Qc2 $14 {Hertneck}) 12... Bd6 13. b4 a5 14. b5 c5 15. Bb2 Rc8 16. Rc1 Qe7
17. Qd2 cxd4 18. Bxd4 Ne4 19. Qxa5 Ra8 20. Qe1 Rxa4 21. Qe2 Rfa8 22. Nc3 Nxc3
23. Bxc3 Be5 24. Bb3 $10 {Sokolov,I-Lautier,J/Chalkidiki (10)/1992/}) (10... a5
11. Bd2 O-O 12. Nxg6 hxg6 13. Qc2 Rc8 14. Rfd1 Nb6 15. Be2 Qe7 16. Qb3 Rfd8 17.
Na2 Bxd2 18. Qxb6 Nd5 19. Qb3 Bb4 20. e4 Nf6 21. Nxb4 axb4 22. Bf3 Ne8 23. Rac1
Nc7 24. Rc4 $10 {Karpov,An-Anand,V/Monaco blind (08)/1993/}) 11. Qb3 (11. g4
Nxg4 (11... Nd5 $1 12. Ng2 Bg6 13. Bd2 Qa5 (13... h5 $6 14. Nxd5 Bxd2 15. Ndf4
$16)) (11... Bg6 $14 {Kramnik}) 12. hxg4 Qxh4 13. gxh5 Qg5+ (13... Bd6 14. Re1
$1 Qh3 $1 15. f4 Qg3+ 16. Kf1 Qh3+ 17. Ke2) 14. Kh1 Qh4+ 15. Kg2 Qg5+ 16. Kh3)
11... a5 12. g4 {Dies ist ein neuer Zug. Er scheint mir nicht besonders
wirksam zu sein. Der Königsflügel des Weißen erleidet unter den bestehenden
Umständen eine gewisse Schwächung. Weiß kann den weißfeldrigen Läufer des
Schwarzen auf g6 nicht umgehend eliminieren. In der Partie verliert er durch
das Manöver Sh2-g2-f4xg6 viel Zeit. Andere Möglichkeiten aus Vorgängerpartien
werden im folgenden vorgestellt.} (12. f4 O-O (12... Bxc3 13. bxc3 Ne4 14. Nf3
$14) 13. Nf3 (13. g4 Nxg4 (13... Bg6 $5) 14. hxg4 Qxh4 15. gxh5 Qg3+ 16. Kh1
Qh3+ $10) (13. Bd2 $6 c5 $1 14. dxc5 Nxc5 $132) (13. f5 $5 e5 (13... exf5 14.
Nxf5) 14. g3 exd4 15. exd4 Nb6 16. Be3 Qd6 $1 17. Bf2 Nxc4 18. Qxc4 Rae8 $5 19.
g4 Bxg4 20. hxg4 Nxg4 21. Nf3 Re3 $13) 13... Nb6 14. Be2 c5 15. Na2 (15. Rd1
$13) 15... Rc8 16. Nxb4 cxb4 17. Bd2 Ne4 (17... Qd5 $5 18. Qxd5 Nbxd5 {xe3}) (
17... Bg6 {Kramnik}) 18. g4 Bg6 19. Rfc1 Qd5 20. Bd1 (20. Qxd5 Nxd5 21. Rxc8
Rxc8 22. Rc1 Rxc1+ 23. Bxc1 $15) (20. Qd1 Ng3 $5 21. Bb5 Be4 22. Kf2 Bxf3 23.
Qxf3 Ne4+ 24. Ke1 f5 $17) 20... Nc4 (20... f6 $17 {Kramnik}) 21. Be1 Ned6 22.
Be2 Rc7 (22... Nb6 {Kramnik}) 23. Ne5 Rfc8 24. Nxc4 (24. f5 $1 exf5 (24... Nxe5
25. Qxd5 Rxc1 26. Rxc1 $5) 25. Nxc4 Nxc4 (25... fxg4 26. Nd2 $1 Qg5 27. h4 Qe7
28. Rxc7 Rxc7 29. Nf1 h5 $13 (29... Rc2 30. Bd1)) 26. Rxc4 $1 Rxc4 27. Rc1 Rxc1
28. Qxd5 Rxe1+ 29. Kf2 Rxe2+ 30. Kxe2 fxg4 31. hxg4 b6 32. Kf3 $16) 24... Be4
25. Nxa5 (25. f5 Nxc4 26. Bg3 Rc6 $17) (25. Bg3 f5 $1) (25. Qd1 Nxc4 26. Bxc4
Rxc4 27. Rxc4 Qxc4 28. Bd2 $17) 25... Rxc1 26. Rxc1 Rxc1 27. Qxb4 g5 28. fxg5 (
28. Qd2 Rc2 $17) 28... Qxg5 29. Kf1 Qxe3 (29... Qf6+ 30. Kg1 Qh4 $19) 30. Qxd6
Rc2 {0-1 Piket,J-Anand,V/Amsterdam 1993/CBM 35/[Ftacnik] (30)} 31. Qb8+ Kg7 32.
Qe5+ f6 33. Qh2 Rxe2 34. Qxe2 Bd3 $19) (12. Na2 $5 Nd5 (12... Bd6 13. Qxb7 Rb8
14. Qa6 (14. Qxc6 $2 Rb6 $19) 14... Ne4 (14... g5 $5 {Hertneck} 15. Nf3 g4 16.
hxg4 Bxg4) 15. g3 (15. Qxc6 Qxh4 16. Bd3 Nxf2 $1 (16... Ng3 17. Re1 Be7 18. e4
$16) 17. Rxf2 (17. Qxd6 Nxd3) (17. Bb5 Rxb5) 17... Qg3 18. Kf1 Qh2 (18... Ke7 {
Huebner,R /\ 19...Qh2, 19...Rhc8-+}) 19. Rf3 (19. g4 $13) 19... Bxf3 20. Qxf3
O-O $17) (15. Nf3 $2 {Hertneck} Bxf3 16. gxf3 Qg5+ 17. Kh1 Qh5 $17) 15... Qg5 (
15... Qc7 16. Be2 Rb6 17. Qd3 Bxe2 18. Qxe2 O-O 19. Nc3 $16) (15... Nxf2 16.
Rxf2 (16. Kxf2 $2 {Hertneck} Rb6 17. Qa7 Bb8 18. Qxa5 Rxb2+ $17) 16... Bxg3 17.
Ng2 Bxf2+ (17... Rb6 {Huebner,R} 18. Qa7 (18. Qxa5 $2 Bxf2+ 19. Kxf2 Rxb2+ $19)
18... Bb8 19. Qxa5 $18) 18. Kxf2 Rb6 19. Qa7 e5 $13) 16. Qxc6 (16. Ng2 {
Huebner,R} Nxg3 17. fxg3 Qxg3 {/\ 18...Qh2 19.Kf2 Bg3#} 18. Rf4 (18. Re1 Qh2+
19. Kf1 Bg3 $19) 18... g5 19. Qxc6 Bxf4 20. exf4 Bf3 $19) 16... Nxg3 (16...
Bxg3 17. fxg3 Qxg3+ 18. Ng2 Ng5 (18... Bf3 19. Rxf3 Qxf3 20. Nc3 Qf2+ 21. Kh1
$16) 19. Bb5 Rxb5 20. axb5 Nf3+ 21. Rxf3 Bxf3 22. Qc8+ Ke7 23. Qc2 Rc8 24. Nc3
$16) (16... Nxf2 {Huebner,R} 17. Rxf2 Qxg3+ 18. Rg2 (18. Qg2 Qxh4 19. e4 Bg3
$17) 18... Qe1+ 19. Bf1 $18) 17. fxg3 Qxg3+ 18. Qg2 (18. Ng2 $4 Qh2+ 19. Kf2
Bg3#) 18... Qxh4 19. e4 (19. Qxg7 $2 Ke7 $19) 19... Bg3 $13 {Van der
Sterren-Hübner, Biel (izt) 1993.} (19... Qd8 {Huebner,R} 20. Nc3 O-O 21. Nb5
$16)) (12... Be7 {Hertneck} 13. Qxb7 Rb8 14. Qa6 Ra8 15. Qxc6 g5 $1 (15... Rc8
{Huebner,R} 16. Qb5 Rb8 17. Qa6 Ra8 $10) 16. Nf3 Rc8 17. Qb5 Rb8 $10)) (12. f4
{Huebner,R}) 12... Bg6 13. Ng2 (13. Rd1 {wird mit} Be4 {beantwortet; nach} 14.
g5 {folgt} Bxc3) 13... O-O 14. Nf4 e5 15. dxe5 $6 (15. Nxg6 hxg6 16. Na2 {
sieht genauer aus.}) 15... Nxe5 16. Be2 Nfd7 17. Nxg6 Nxg6 $15 18. Rd1 Nc5 19.
Rxd8 (19. Qc2 Qh4 20. Kg2 Rae8 {ist äußerst ungemütlich für Weiß.}) 19... Nxb3
20. Rxa8 Rxa8 21. Rb1 Rd8 22. Bd1 Nxc1 23. Rxc1 Ne5 24. Bb3 $2 ({Meines
Erachtens mußte} 24. Bc2 {versucht werden. Nach} Bxc3 25. bxc3 Rd2 (25... Kf8
26. Rb1) 26. Be4 (26. Rd1 {sieht weniger genau aus. Schwarz antwortet mit}
Rxd1+ 27. Bxd1 Kf8 {nebst Königsmarsch nach c5.}) 26... Rb2 (26... Nd7 {
scheitert an} 27. Rb1 Nc5 28. Bxc6) 27. Rd1 g6 28. Rd4 {erhält Weiß
vorzügliche Rettungsaussichten.}) 24... Rd2 25. Rc2 Bxc3 $19 26. bxc3 Nf3+ 27.
Kf1 Kf8 28. Rc1 Ng5 29. Rc2 Ne4 30. Ke1 Rxc2 31. Bxc2 Nxc3 32. Kd2 Nd5 33. Bb3
Ke7 34. Kd3 Kd6 35. Kd4 f6 36. h4 h6 37. h5 Nc7 38. f4 Ne6+ 39. Kc4 Nc5 40. Bc2
Nxa4 41. Kd4 0-1

[Event "EU-Cup 20th"]
[Site "Izmir"]
[Date "2004.10.05"]
[Round "3.1"]
[White "Kasparov, Garry"]
[Black "Shirov, Alexei"]
[Result "1-0"]
[WhiteElo "2813"]
[BlackElo "2726"]
[Annotator "Postny,E"]
[PlyCount "79"]
[EventDate "2004.10.03"]
[EventType "team-swiss"]
[EventRounds "7"]
[EventCountry "TUR"]
[SourceTitle "CBM 104"]
[Source "ChessBase"]
[SourceDate "2005.01.27"]
[SourceVersion "1"]
[SourceVersionDate "2005.01.27"]
[SourceQuality "1"]
[WhiteTeam "Ekaterinburg Max Ven"]
[BlackTeam "Sarajevo Bosna"]
[WhiteTeamCountry "RUS"]
[BlackTeamCountry "BIH"]

1. e4 e5 2. Nf3 Nc6 3. Bb5 a6 4. Ba4 Nf6 5. O-O Nxe4 {Shirov already played
this opening against Kasparov in Linares 2001, and without success. Now he
decided to give it another try...} 6. d4 b5 7. Bb3 d5 8. dxe5 Be6 9. Be3 {
This solid line regained his popularity recently.} ({In Linares 2001 Kasparov
went for the more principled} 9. Nbd2 Nc5 10. c3 d4 11. Ng5 {. However, few
recent games showed, that black can equalize in this case.}) 9... Be7 (9... Bc5
{--> 1-0 Akopian,V-Adianto,U/Tripoli 2004/CBM 102 [Postny,E] (43)}) 10. c3 Qd7
(10... O-O 11. Nbd2 Bg4 (11... Qd7 12. Re1 Rad8 {leads to the same position as
in after 10...Qd7.}) 12. Nxe4 dxe4 13. Qd5 Qxd5 14. Bxd5 exf3 15. Bxc6 fxg2 16.
Rfc1 Rab8 {--> 1/2-1/2 Sadvakasov,D-Kortschnoj,V/Astana 2003/CBM 93 [Postny,E]
(44)}) 11. Nbd2 Rd8 12. Re1 O-O {leads to the same position as in after 10...
Qd7.} 13. Bc2 f5 ({After} 13... Nxd2 14. Qxd2 Bf5 15. Rad1 Bxc2 16. Qxc2 {
white gets small, but stable advantage. For example see the annotated game
Golod,V-Mikhalevski,V/Beersheba 1997/CBM 58 [Mikhalevski,V]}) ({In the next
round of the same tournament Shirov came to the same position as white, but
did not achieve much after:} 13... Bf5 $5 14. Nxe4 Bxe4 15. Bxe4 dxe4 16. Qxd7
Rxd7 17. e6 fxe6 18. Nd2 Ne5 19. Nxe4 Nd3 20. Re2 Rf5 21. g3 Kf7 22. a4 h6 23.
axb5 axb5 24. Ra6 Re5 25. f3 Red5 $11 {1/2-1/2 Shirov,A-Mamedyarov,S/Izmir
2004/CBM 104 (32)}) 14. exf6 Nxf6 15. a4 (15. Qb1 {--> 1-0 Stefansson,
H-Gretarsson,H/Reykjavik 1995/CBM 49 [Ftacnik] (49)}) (15. h3 {--> 1/2-1/2 De
Toledo,J-Sorin,A/Americana 1997/CBM 61 [Mikhalevski,V] (29)}) (15. Ng5 Bf5 16.
Bxf5 Qxf5 17. Qb1 Qd7 18. Bf4 Bd6 (18... Rfe8 $142) 19. Bxd6 Qxd6 20. Re6 Qd7
21. Nb3 d4 22. Nc5 Qd5 23. Rxf6 Rxf6 24. Qxh7+ Kf8 25. Qh8+ Qg8 26. Nh7+ Ke7
27. Qxg8 Rxg8 28. Re1+ Kf7 29. Nxf6 gxf6 30. Nxa6 $18 {1-0 Sadvakasov,
D-Nielsen,P/Copenhagen 2004/CBM 101 ext (37)}) 15... Ng4 {'N!?' I mentioned
this move in my comments to the game Timoshenko-Amin. So, now it's a real test
of this novelty!} (15... Bd6 $6 {- see the annotated game Timoshenko,G-Amin,B/
Ismailia 2004/CBM 103 [Postny,E] (1-0,45)}) (15... Bf5 16. axb5 axb5 17. Bxf5
Qxf5 18. Ra6 Nb8 19. Ra5 b4 20. Bc5 Bxc5 21. Rxc5 bxc3 22. bxc3 {1/2-1/2
Brodsky,M-Ernst,S/Dieren 2001/CBM 83 ext (22)}) 16. axb5 axb5 17. Bd4 {Opening
the "e" file for the rook.} Nxd4 (17... Bd6 $2 18. Bxh7+ $1 Kxh7 19. Rxe6 {
[%cal Gf3g5]} Nxd4 (19... Bxh2+ 20. Nxh2 Qxe6 21. Nxg4 $18) 20. cxd4 Qxe6 (
20... Kg8 $142) 21. Ng5+ Kg8 22. Nxe6 Bxh2+ 23. Kh1 Nxf2+ 24. Kxh2 Nxd1 25.
Rxd1 $18) (17... Bf5 18. Bxf5 Qxf5 19. h3 $16) 18. Nxd4 Qd6 {'!' The only
reasonable continuation.} (18... Nxf2 $2 19. Qh5 Ne4 20. Nxe4 Bg4 21. Nf6+ Rxf6
22. Qxh7+ Kf7 23. Rf1 $18) (18... Bh4 $2 19. g3 Nxf2 20. Qh5 Nh3+ 21. Kg2 Rf2+
22. Kh1 $18) (18... Bd6 $2 19. N2f3 {[%csl Re6][%cal Gc2h7]}) 19. N2f3 Bd7 20.
h3 Nxf2 ({Of course, Shirov did not want to suffer after} 20... Nf6 21. Ne5)
21. Kxf2 Bh4+ {'?' This obvious check is a mistake!} ({The right move was} 
21... c5 $1 22. Qd3 (22. Nb3 $2 Rxf3+ 23. Qxf3 Rf8 24. Ra8 Rxa8 25. Rxe7 Qxe7
26. Qxd5+ Qf7+ $17) (22. Ne2 $2 {[%tqu "En","How to exploit the vulnerable
position of white's king?","","","f8f3","",10]} Rxf3+ $1 23. gxf3 Qh2+ 24. Ke3
Bg5+ 25. f4 Re8+ $19) (22. Kg1 $5 cxd4 23. Nxd4 {with approximate equality.}) (
22. Rxe7 Qxe7 23. Ne2 d4 $1 $15 {[%cal Gd7c6]}) 22... g6 23. Kg1 (23. Nxb5 $6
Bxb5 24. Qxb5 Bh4+ 25. Kg1 Rxf3 $1 $15) (23. Rxe7 Qxe7 {with advantage for
black. Now} 24. Nxb5 {is losing to} (24. Ne2 Bf5 $17 {now the drawback of 22.
Qd3 is clear.}) {[%tqu "En","Please enter a move for black.","","","f8f3","",
10]} 24... Rxf3+ $1 25. gxf3 Qh4+ 26. Ke2 Re8+ 27. Kd2 Qg5+ 28. f4 Qxf4+ 29.
Kd1 Bxb5 30. Qxd5+ Kh8 $19) 23... cxd4 24. Nxd4 $11) 22. Kg1 Bxe1 23. Qxe1 c5 {
Now it's too late already...} 24. Nb3 Bxh3 {Probably Shirov was counting on
this move, but now the position transforms to a bad endgame for black.} ({
The alternatives does not solve black's problems:} 24... Rde8 25. Qf2) (24...
Bf5 25. Bxf5 Rxf5 26. Qe3 {[%csl Rc5]}) 25. Ng5 Bf5 26. Bxf5 Rxf5 27. Qe6+ Qxe6
28. Nxe6 Re8 29. Nbxc5 {At the end of the storm white got a winning position
thanks to a superb coordination of his pieces. Still, white has to play
precisely.} Re5 30. Ra6 {'!'} (30. Nd4 $6 {allows black to exchange the rooks
and get some survival chances:} Re1+ 31. Rxe1 Rxe1+ 32. Kf2 Rc1) 30... Re2 31.
b4 Rc2 32. Ra7 {Kasparov does not care about the Pc3, but goes for the
decisive attack.} Rxc3 33. Rxg7+ Kh8 34. Rd7 Rc4 35. Ng5 {'!'} Rxb4 36. Nce6 {
Threatening mate in three.} Rh4 37. g3 (37. Rg7 $2 {[%cal Gg5f7]} Rxe6 38. Nxe6
Re4 39. Re7 Kg8 $11) 37... Rh5 38. Kg2 b4 {'?' Loses immediatly.} ({The only
move was} 38... d4 {setting free the 5th rank for the rook.} 39. g4 Rh4 40. Kg3
Rh1 41. Nxd4 $18) 39. Nf7+ Kg8 40. Nf4 {The rook is trapped.} 1-0

[Event "Linares 22nd"]
[Site "Linares"]
[Date "2005.02.27"]
[Round "5"]
[White "Kasparov, Garry"]
[Black "Adams, Michael"]
[Result "1-0"]
[WhiteElo "2804"]
[BlackElo "2741"]
[Annotator "Tyomkin,D"]
[PlyCount "107"]
[EventDate "2005.02.23"]
[EventType "tourn"]
[EventRounds "14"]
[EventCountry "ESP"]
[EventCategory "20"]
[SourceTitle "CBM 106"]
[Source "ChessBase"]
[SourceDate "2005.06.06"]
[SourceVersion "1"]
[SourceVersionDate "2005.06.06"]
[SourceQuality "1"]

1. d4 Nf6 2. c4 e6 3. Nc3 Bb4 4. Qc2 d5 5. a3 Bxc3+ 6. Qxc3 Ne4 7. Qc2 e5 8.
cxd5 {In the first round of this tournament Topalov chose 8.e3 line against
Mickey, but white got worse position out of the opening.} (8. e3 exd4 9. cxd5
Qxd5 {1-0 Topalov,V-Adams,M/Linares 2005/CBM 106_01 (41)}) 8... Qxd5 9. f3 Nd6
{Garry played the same opening variation with black against Kramnik, but went
9...Nf6 here;} (9... Nf6 10. e4 Qxd4 11. Qxc7 Nc6 12. Ne2 Qc5 13. b4 $2 Nxb4 $1
14. Qxc5 Nd3+ 15. Kd2 Nxc5 $19 {0-1 Kramnik,V-Kasparov,G/Moscow 1998/CBM 067
ext (41)}) 10. dxe5 Qxe5 11. e4 Nc6 12. Ne2 {This new move must be an
improvement for white in this line. White intends Bf4 and then can castle to a
queenside which actually occured in the game.} (12. Bd3 Be6 13. Ne2 Qa5+ 14.
Kf2 O-O-O (14... Ne5 $5) 15. Nf4 Nd4 16. Qc3 Qxc3 17. bxc3 Nb3 18. Nxe6 fxe6
19. Rb1 Nxc1 20. Rhxc1 $14 {1/2-1/2 Grigorian,K-Kortschnoj,V/Moscow 1973/
URS-ch (37)}) 12... Be6 13. Bf4 Qa5+ 14. Nc3 {In case of 14.Qc3 white could
get a pleasant ending with pair of B advantage and a pawn mass in the centre.
But Garry expected for more than that.} (14. Qc3 Qxc3+ 15. bxc3 $5 O-O-O 16.
Nd4 $14) 14... O-O-O 15. O-O-O f5 {Black has some advantage in development,
and with f5 break Mickey is trying to exploit it.} 16. Bxd6 Rxd6 17. Rxd6 cxd6
18. Bb5 {[%csl Rd6] Backward pawn d6 is a long-term weakness.} Nd4 19. Qd3 Nxb5
20. Nxb5 {and again Garry prefers to stay in the middlegame keeping queens in
the game.} fxe4 21. Qxd6 {Both 21.Qxd6 and 21.fxe4 lead to an extra pawn of
white. Garry chose the major pieces endgame, while white's advantage in 21.
fxe4 line looks even greater, although it's just a matter of taste.} (21. fxe4
Rd8 22. Nxd6+ Kb8 23. Rd1 Qg5+ 24. Kb1 $1 Qxg2 $140 25. Qb5 Rd7 26. Rc1 $1 $18)
21... Qxb5 22. Qxe6+ Kb8 23. Qxe4 {To win such an ending one must introduce
some good endgame technique. The way Garry won it is very instructive.} Re8 24.
Qf4+ (24. Qxh7 Qg5+ 25. Kb1 Qxg2) 24... Ka8 25. Kb1 g5 26. Qf7 h6 27. h4 {
The pawn trade on a kingside is to white's favor- white needs to get a passed
pawn there anyhow.} a6 28. hxg5 hxg5 29. Qf6 Qd3+ 30. Ka1 Qd2 31. Qf7 (31. g4 {
would lead to a game line.}) 31... Re5 (31... Re2 $2 32. Qf8+ {and white mates
black first;}) 32. Qc7 Re8 33. Qf7 {Garry repeats moves to pass move 40 time
control sooner.} Re5 34. Qf6 Re8 35. g4 Ka7 36. Qf5 {First step of the
following plan.} Ka8 37. Kb1 $1 {That's the only way to activate white rook-
Rc1 is coming next.} Rd8 38. Rc1 Rd5 39. Qe4 Ka7 40. Rc3 Qd1+ 41. Ka2 Qd2 42.
Rc2 Qd3 {The queen's trade will be offered many times in this game, but,
despite of that, queens will remain on a board till the end!} 43. Re2 {
Surprisingly, the pawn ending with an extra pawn after 43.QxQ RxQ 44.Rc3 RxR
is a draw!} (43. Qxd3 Rxd3 44. Rc3 Rxc3 45. bxc3 Kb6 46. Kb3 Kc5 47. Kc2 b5 (
47... Kc4 48. a4 b6 49. Kd2 Kb3 50. f4 $18) 48. Kd3 Kd5 {and I don't see a way
for white to win this pawn ending....}) 43... Rd4 44. Qe3 a5 $6 {This move
weakens black king and makes white's task easier.} (44... Qxe3 45. Rxe3 Rf4 46.
Kb3 {[%cal Gb3c3,Gc3d3,Gd3e2,Ye3e4,Ye3e5] and white must win this rook ending
without any troubles.}) (44... Qc4+ {was more resistant.}) 45. Re1 Ka6 $6 {
One more inaccuracy by Mickey . The better choice for black was to go to the
rook' ending, while white is winning there as mentioned above (see 44...QxQ
line).} 46. Qxg5 Qxf3 47. Qg6+ Ka7 $4 {Decisive mistake.White must still work
for a while in a rook ending which arises after 47...b6 28.Qg8 Qd5+;} (47... b6
48. Qg8 $1 Qd5+ (48... Rxg4 49. Qc8+ Kb5 50. Re5+ {and mate in few;}) 49. Qxd5
Rxd5 50. Rg1 Rg5 51. b4 (51. a4 $5 b5 52. Kb3 $18) (51. Kb3 Kb5 52. Kc3 Kc5 53.
Kd3 Kd5 54. Ke3 Ke5 55. a4 (55. Kf3 Kf6 56. Rc1 Rb5) 55... Kf6 56. Kf4 Rc5 {
with chances to escape.}) 51... axb4 52. axb4 Kb5 53. Kb3 Kc6 54. Kc4 Kd6 55.
Rd1+ Ke6 56. Rd4 b5+ {the most resistant. Otherwise white plays Re4+ and then,
if Kd6 white transfers the king to a kingside, and if Kf6, then white wins the
game on a queenside, trading g4-pawn for b6 of black.}) 48. Re5 Ra4 {Forced.
If black grabs a pawn, he'll be mated in few, while 48...Rd5 leads to a
winning pawn ending, or to a rook ending with two extra pawns of white.} (48...
Rd5 49. Qf5 $1 Qxf5 50. Rxf5 $18) 49. Qh5 b6 (49... Qc6 50. Qf5 $1 $18 {
[%cal Gg4g5]}) 50. Qe8 Rc4 {Black manages to avoid a mate, but now white
passer decides the game.} 51. g5 Rc7 52. Qe6 {52.g6 is even faster.} (52. g6
$18 {[%cal Ge8g8,Ge8e6]} Kb7 53. Qg8 {then Qd5+ winning the rook ending easily.
}) 52... a4 $6 {And again Mickey misses the stroger move.} (52... Qd3 $142 53.
Re3 Qd1 54. Rb3 Qd4 55. g6 {and so on.}) 53. Re4 Qd1 (53... b5 54. g6 Qf2 55.
Qd5 {and the rest is simple.`}) 54. Rb4 {White is threatening Qxb6. Black's
only defence is 54...Rb7, then white has 55.Qc6 grabbing a-pawn. One more
masterpiece of the Greatest player of chess.} 1-0